00223 a2200109 4500001000700000020000600007040001100013100001700024240003400041245002900075362000900104168241 a  cMagnum aPiaget, Jean10aO juizo moral na criancalpor10aO juizo moral na crianca0 a1899